Amezidi/ (Record no. 9354)

000 -LEADER
fixed length control field 00478nam a22001457a 4500
008 - FIXED-LENGTH DATA ELEMENTS--GENERAL INFORMATION
fixed length control field 151026b xxu||||| |||| 00| 0 eng d
020 ## - INTERNATIONAL STANDARD BOOK NUMBER
International Standard Book Number 9966467521
050 ## - LIBRARY OF CONGRESS CALL NUMBER
Classification number AFR PL 8704 .A4M6 2003
100 ## - MAIN ENTRY--PERSONAL NAME
Personal name Mohamed, Said Ahmed.
245 ## - TITLE STATEMENT
Title Amezidi/
Statement of responsibility, etc. Said Ahmed Mohamed
260 ## - PUBLICATION, DISTRIBUTION, ETC. (IMPRINT)
Place of publication, distribution, etc. Nairobi:
Name of publisher, distributor, etc. East African Educational Publishers,
Date of publication, distribution, etc. 2003.
300 ## - PHYSICAL DESCRIPTION
Extent 87p.
Dimensions 17cm.
650 ## - SUBJECT ADDED ENTRY--TOPICAL TERM
Topical term or geographic name as entry element Tamthilia
942 ## - ADDED ENTRY ELEMENTS (KOHA)
Source of classification or shelving scheme
Koha item type Short Loan Books
Classification part AFR PL 8704 .A4M6 2003
Koha issues (borrowed), all copies 130
Holdings
Withdrawn status Lost status Source of classification or shelving scheme Damaged status Not for loan Home library Current library Shelving location Date acquired Total Checkouts Full call number Barcode Date last seen Date last checked out Price effective from Koha item type Source of acquisition
          MACHAKOS UNIVERSITY LIBRARY MACHAKOS UNIVERSITY LIBRARY Africana 26/10/2015 72 AFR PL 8704 .A4M6 1995 17012 14/03/2025 14/03/2025 26/10/2015 Africana (Books)  
          MACHAKOS UNIVERSITY LIBRARY MACHAKOS UNIVERSITY LIBRARY Africana 27/10/2015 56 AFR PL 8704 .A4M6 1995 17519 06/03/2023 06/03/2023 27/10/2015 Africana (Books)  
          MACHAKOS UNIVERSITY LIBRARY MACHAKOS UNIVERSITY LIBRARY Africana 05/12/2017 16 AFR PL 8704 .A4M6 1995 37503 18/03/2025 18/03/2025 05/12/2017 Africana (Books) PURCHASE (TEXTBOOK)
          MACHAKOS UNIVERSITY LIBRARY MACHAKOS UNIVERSITY LIBRARY Africana 05/12/2017 10 AFR PL 8704 .A4M6 1995 37506 07/03/2024 07/03/2024 05/12/2017 Africana (Books) PURCHASE (TEXTBOOK)
          MACHAKOS UNIVERSITY LIBRARY MACHAKOS UNIVERSITY LIBRARY Africana 05/12/2017 13 AFR PL 8704 .A4M6 1995 37505 13/10/2023 13/10/2023 05/12/2017 Africana (Books) PURCHASE (TEXTBOOK)
          MACHAKOS UNIVERSITY LIBRARY MACHAKOS UNIVERSITY LIBRARY Africana 05/12/2017 22 AFR PL 8704 .A4M6 1995 37504 13/03/2025 13/03/2025 05/12/2017 Africana (Books) PURCHASE (TEXTBOOK)
          MACHAKOS UNIVERSITY LIBRARY MACHAKOS UNIVERSITY LIBRARY Africana 05/12/2017 6 AFR PL 8704 .A4M6 1995 37502 16/12/2024 16/12/2024 05/12/2017 Hard Covered Materials PURCHASE (TEXTBOOK)
© Machakos University Library, Along The Highway, Machakos Wote Rd, Machakos, Kenya P.O. Box 136 - 90100 Machakos - Kenya

Tel: ( +254 ) 723 805829 OR Fax : 044-20353 OR Email: library@mksu.ac.ke